Голубая дивизия, военнопленные и интернированные испанцы в СССР (Запись № 10312564)

Подробности
000 -МАРКЕР
контрольное поле 02053nam0a2200385 4500
001 - ИДЕНТИФИКАТОР ЗАПИСИ
контрольное поле RU\NLR\BIBL_A\010545112
005 - ИДЕНТИФИКАТОР ВЕРСИИ
контрольное поле 20260405054333.0
010 ## - МЕЖДУНАРОДНЫЙ СТАНДАРТНЫЙ НОМЕР КНИГИ (ISBN)
Номер (ISBN) 978-5-9905926-5-0
035 ## - ДРУГИЕ СИСТЕМНЫЕ НОМЕРА
Идентификатор записи (NLR Aleph) 010545112
100 ## - ДАННЫЕ ОБЩЕЙ ОБРАБОТКИ
Данные общей обработки 20141127d2015 |||y0rusy50 ca
101 0# - ЯЗЫК РЕСУРСА
Язык текста, звукозаписи и т.д. русский
102 ## - СТРАНА ПУБЛИКАЦИИ ИЛИ ПРОИЗВОДСТВА
Страна публикации Российская Федерация
105 ## - ПОЛЕ КОДИРОВАННЫХ ДАННЫХ: ТЕКСТОВЫЕ МАТЕРИАЛЫ, МОНОГРАФИЧЕСКИЕ
Кодированные данные о монографическом текстовом документе y|||z|||001yy
200 1# - ЗАГЛАВИЕ И СВЕДЕНИЯ ОБ ОТВЕТСТВЕННОСТИ
Основное заглавие Голубая дивизия, военнопленные и интернированные испанцы в СССР
Первые сведения об ответственности А.В. Елпатьевский
210 ## - ПУБЛИКАЦИЯ, РАСПРОСТРАНЕНИЕ И ДР.
Место издания, распространения и т.д. Санкт-Петербург
Имя издателя, распространителя и т. д. Алетейя
-- Историческая книга
Дата издания, распространения и т.д. 2015
-- [т. е. 2014]
215 ## - ФИЗИЧЕСКАЯ ХАРАКТЕРИСТИКА
Специфическое обозначение материала и объем 266, [1] с.
Размеры 20
300 ## - ОБЩИЕ ПРИМЕЧАНИЯ
Текст примечания На 4-й с. обл. авт.: А.В. Елпатьевский, к.ист.н.
300 ## - ОБЩИЕ ПРИМЕЧАНИЯ
Текст примечания Кн. фактически изд. в 2014 г.
320 ## - ПРИМЕЧАНИЯ О НАЛИЧИИ В ДОКУМЕНТЕ БИБЛИОГРАФИИ / УКАЗАТЕЛЯ
Текст примечания Библиогр.: с. 264-266 (46 назв.) и в подстроч. примеч.
320 ## - ПРИМЕЧАНИЯ О НАЛИЧИИ В ДОКУМЕНТЕ БИБЛИОГРАФИИ / УКАЗАТЕЛЯ
Текст примечания Указ. персоналий: с. 243-263
327 1# - ПРИМЕЧАНИЯ О СОДЕРЖАНИИ
Текст примечания В прил.: Долг перед историей / Пилар Бонет
333 ## - ПРИМЕЧАНИЯ ОБ ОСОБЕННОСТЯХ РАСПРОСТРАНЕНИЯ И ИСПОЛЬЗОВАНИЯ
Текст примечания 16+
464 #0 - АНАЛИТИЧЕСКИЙ УРОВЕНЬ
Встроенное поле 2001#$aДолг перед историей
-- 700#1$aБонет$bП.$gПилар
Заглавие Долг перед историей
Автор Бонет, Пилар
601 02 - НАИМЕНОВАНИЕ ОРГАНИЗАЦИИ КАК ПРЕДМЕТ
Начальный элемент ввода Пехотная дивизия
Идентифицирующий признак 250; 1941 - 1943; Германия
Системный номер авторитетной/нормативной записи 2204954
Идентификатор авторитетной/нормативной записи RU\NLR\AUTH\6601559322
606 1# - НАИМЕНОВАНИЕ ТЕМЫ КАК ПРЕДМЕТ
Наименование темы Военнопленные испанские
Географический подзаголовок СССР
Хронологический подзаголовок 1941 - 1956
Системный номер авторитетной/нормативной записи 2209765
Идентификатор авторитетной/нормативной записи RU\NLR\AUTH\6601561541
606 1# - НАИМЕНОВАНИЕ ТЕМЫ КАК ПРЕДМЕТ
Наименование темы Вторая мировая война
Географический подзаголовок Испания
Хронологический подзаголовок 1939 - 1945
Системный номер авторитетной/нормативной записи 1340748
Идентификатор авторитетной/нормативной записи RU\NLR\AUTH\66243926
686 1# - ИНДЕКСЫ ДРУГИХ КЛАССИФИКАЦИЙ
Индекс Ц35(2)722-52,2-21
686 1# - ИНДЕКСЫ ДРУГИХ КЛАССИФИКАЦИЙ
Индекс Ц35(2)722-82,1
686 1# - ИНДЕКСЫ ДРУГИХ КЛАССИФИКАЦИЙ
Индекс Т3(4Ис)63-681
700 #1 - ИМЯ ЛИЦА - ПЕРВИЧНАЯ ОТВЕТСТВЕННОСТЬ
Графика поля Кириллица
Материалы, к которым относится поле rus
Начальный элемент ввода Елпатьевский
Часть имени, кроме начального элемента ввода А. В.
Даты 1931-2010
Расширение инициалов личного имени Андрей Валерьянович
Системный номер авторитетной/нормативной записи 1170
Идентификатор авторитетной/нормативной записи RU\NLR\AUTH\7718087
942 ## - ДОПОЛНИТЕЛЬНЫЕ ЭЛЕМЕНТЫ ЗАПИСИ (АБИС)
Тип экземпляра АБИС Книга
980 ## - КОЛЛЕКЦИЯ
Название коллекции Национальная библиография
Экземпляры
Тип экземпляра Дата поступления Источник поступления Стоимость Библиотека постоянного хранения Библиотека текущего хранения Место хранения Шифр хранения Штрих-код Статус экземпляра
Книга 27.11.2014 Покупка 480.00 РНБ (Московский) РНБ (Московский) Русский книжный фонд: издания с 1957 года 2014-3/36046 1-780198  
Книга 16.12.2014   0.00 РНБ (Московский) РНБ (Московский) Фонд общего зала социально-экономической литературы   ERR-36534  
Книга 27.11.2014 Покупка 480.00 РНБ (Садовая) РНБ (Садовая) Универсальный читальный зал У Ц35(2)722/Е-575 1-780197